000 00434nam a2200145Ia 4500
008 230917s9999||||xx |||||||||||||| ||und||
040 _e173490
_aMAIN
041 _aEnglish
082 _a891.431731 AV88R
100 _aअहलूवालिया, विजय
245 0 _aरेत धडी़
260 _aनई दिल्ली
_bप्रवीण प्रकाशन
_c1989
300 _a102 पृ. p.
942 _cHN
999 _c81012
_d81012